| 000 | 00794nab a2200241 4500 | ||
|---|---|---|---|
| 003 | BR-BrBNA | ||
| 005 | 20250803114411.0 | ||
| 008 | 250803b bl.||||| |||| 00| 0 por d | ||
| 040 |
_aBR-BrBNA _bpor |
||
| 072 | _aE20 ; E14 ; E16 | ||
| 100 | _aSá, Leonardo | ||
| 245 |
_aO fim do comodismo produtivo no campo _bArtigo |
||
| 500 | _a2 illus. | ||
| 650 | _aEMPRESA AGRÍCOLA | ||
| 650 | _aPROPRIEDADE RURAL | ||
| 650 | _aGESTÃO DA PROPRIEDADE | ||
| 650 | _aGESTÃO DE CUSTO | ||
| 650 | _aPLANEJAMENTO ESTRATÉGICO | ||
| 650 | _aLUCRO | ||
| 773 | 0 |
_01706 _9347987 _dSão Paulo-SP Editora Três Ltda - E-mail: luizfsa@revistadinheiro.com.br 2004 _o2025-0483 _tDinheiro Rural (Brazil) _x1807-3700 _gv. 7(79) p. 98; (May 2011) _wBR2025001975 |
|
| 942 | _cANA | ||
| 999 |
_c337423 _d337423 |
||